| 000 | 00000nam##2200000za#4500 |
| 001 | 9.640304 |
| 003 | CaOODSP |
| 005 | 20210624222615 |
| 007 | cr ||||||||||| |
| 008 | 150407|2002||||xxc|||||o f|0| 0 fre|d |
| 040 | |aCaOODSP|bfre |
| 043 | |an-cn--- |
| 086 | 1 |aEn4-4/2002F-PDF |
| 110 | 1 |aCanada. |bEnvironnement Canada. |
| 245 | 10|aDocument de discussion sur la contribution du Canada à la lutte contre les changements climatiques |h[ressource électronique] |
| 260 | |aOttawa - Ontario : |bEnvironnement Canada |c[2002]. |
| 300 | |a66p.|bgraphiques, tableaux |
| 500 | |aL'ISBN (0-662-87183-9) de l'édition imprimée a été incorrectement copié dans l'édition électronique. |
| 520 | 3 |aCe document de discussion du gouvernement du Canada porte sur la science du changement climatique et sur ses incidences possibles ainsi que sur le Protocole de Kyoto. Il porte également sur les conclusions que l'on peut tirer au sujet de l'ampleur du défi du changement climatique, de ses incidences économiques possibles, des avantages de prendre des mesures, des instruments politiques disponibles au gouvernement du Canada pour lutter dans ce domaine et les risques reliés aux instruments en question. La conclusion du document porte sur les grandes lignes des quatre grandes options politiques (échanges internes de droits d'émission «vastes autant que pratiques», toutes les mesures ciblées, une approche variée axée sur un important émetteur final d'échanges d'émissions domestiques et une approche variée adaptée) et le processus de consultation et de participation du public. |
| 590 | |a12-21-Supp|b2012-05-18 |
| 691 | 07|aAccord en matière d'environnement|2gcpds |
| 691 | 07|aChangement climatique|2gcpds |
| 691 | 07|aLutte contre la pollution|2gcpds |
| 775 | 08|tA discussion paper on Canada's contribution to addressing climate change |w(CaOODSP)9.696185 |
| 776 | 0#|tDocument de discussion sur la contribution du Canada à la lutte contre les changements climatiques |w(CaOODSP)9.681833 |
| 856 | 40|ahttp://publications.gc.ca|qPDF|s638 Ko|uhttps://publications.gc.ca/collections/Collection/En4-4-2002F.pdf |